00346nam a22001457a 4500003000400000008004100004020001800045082001600063100002000079245002000099250001900119260003300138300000900171700002000180OSt260224b |||||||| |||| 00| 0 eng d a9789350022337 a335.412 AIR aALTHUSSER,Louis aReading Capital a1st Ed Reprint aNew DelhibAakar Booksc2022 a383p aBALIBAR,Etienne